000 00523nam a2200181Ia 4500
005 20250508150644.0
008 008 250505s9999 xx 000 0 eng d
037 _aTextual
040 _aFEDL
_beng
_cFEDL
041 _aeng
_2eng
084 _a372.241, DAN
_qFEDL
100 _aDanielson A J
_9757292
245 0 _aPhysical avtivities syllabus for primary schools
260 _aNagpur, India
_bGovernment Printing
_c1937
300 _a64p.
942 _cTEXL
_h372.241, DAN
999 _c1324844
_d1324844